01458nam a2200325 a 450000100100000000500170001000800410002704000250006808200140009310000390010724500950014626000500024130000280029149000710031949000280039050000630041850400320048159000260051365000310053965000340057065000420060465100550064670000370070183000780073883000350081691000380085195201110088995201170100099900150111700000372720200929150539.0090713s2002 dr a 001 0 spa d aDO-SdBNPbspacBNPHU a306bJ61c1 aJiménez, José Francisco91134310aCultura, animación y comunidad /cJosé Francisco Jiménez ; prólogo Felipe Medrano. aSanto Domingo :bUniversitaria - UASD,c2002. a112 p. :bil. ;c21 cm.1 aPublicaciones de la Universidad Autónoma de Santo Domingo ;v9811 aCultura y Sociedad ;v9 aIncluye datos biográficos del autor en la contracubierta aBibliografía : p. 111-112 aInventariado, 2018/BT 4aAnimación cultural92490 4aActividades culturales911344 4aCulturazRepública Dominicana91983 4aRepública DominicanaxPolítica Cultural91134512aMedrano, Felipe,epról.911346 0aPublicaciones de la Universidad Autónoma de Santo Domingo ;n981911347 0aCultura y Sociedad ;n9911348 aValidado. Control de calidad. MFF 0010718PDaPDbPDcCTd2009-07-13iLF1l0o306 J61cp3727-10r2020-06-25w2020-06-25yLFPDZNo se presta 0010718PDaPDbPDcCTd2009-07-13iLF1l0o306 J61cp3727-20r2020-06-25te. 2w2020-06-25yLFPDZNo se presta c3549d3549